| 000 | 00681nam a2200181 a 4500 | ||
|---|---|---|---|
| 001 | 000024298 | ||
| 005 | 20220307131056.0 | ||
| 008 | 110126s1983 dr a 000 0 spa d | ||
| 040 |
_aDO-SdBNP _bspa _cBNPHU |
||
| 082 | _axxx | ||
| 110 |
_aDepartamento de bienestar social de la loteria nacional. _949869 |
||
| 245 | 0 |
_a1er seminario juegos ilegales en dominicana. / _ccordinación Dagoberto Tejeda Ortiz; presentación Fulgencio Espinal. |
|
| 260 |
_aSanto Domingo : _bAlfa & Omega, _c1983. |
||
| 300 |
_a238 p. : _bil. , gráf. ; _c22 cm. |
||
| 700 | 1 |
_aTejeda Ortíz, Dagoberto, _d1940- _ecordinación _91575 |
|
| 700 | 1 |
_aEspinal, Fulgencio, _epresentación _98374 |
|
| 049 | _aBNGR | ||
| 999 |
_c23791 _d23791 |
||